|
|
|
|
| LEADER |
07168nam a2200613 a 4500 |
| 001 |
0008657 |
| 003 |
BD-DhAAL |
| 008 |
091119r20062005maua b 001 0 eng d |
| 010 |
|
|
|a 2004059546
|
| 020 |
|
|
|a 9781259097348
|
| 020 |
|
|
|a 125909734X
|
| 020 |
|
|
|a 0071238239
|
| 020 |
|
|
|a 0070109109 (alk. paper)
|
| 040 |
|
|
|a DLC
|c DLC
|d DLC
|d BD-DhAAL
|
| 082 |
0 |
0 |
|a 330.0151
|2 22
|
| 100 |
1 |
|
|a Chiang, Alpha C.,
|d 1927-
|9 27583
|
| 245 |
1 |
0 |
|a Fundamental methods of mathematical economics /
|c Alpha C. Chiang, Kevin Wainwright.
|
| 250 |
|
|
|a Fourth edition.
|
| 260 |
|
|
|a Boston, Mass. ;
|a New Delhi :
|b McGraw-Hill/Irwin,
|c c2005 [fifth reprinted 2014, eight reprinted 2016].
|
| 300 |
|
|
|a xix, 688 pages :
|b illustrations ;
|c 24 cm
|
| 504 |
|
|
|a Includes bibliographical references (pages 659-661) and index.
|
| 526 |
|
|
|a ESS
|x A K Iftekharul Haque
Lecturer
Department of Economics and Social Sciences (ESS)
BRAC University
Course No. ECO 201
|
| 541 |
1 |
|
|a Friends' Book Corner
|e 0014296, 0021059
|
| 650 |
|
0 |
|a Economics, Mathematical.
|9 27584
|
| 650 |
|
0 |
|a Economics.
|9 43461
|
| 700 |
1 |
|
|a Wainwright, Kevin.
|9 27585
|
| 852 |
4 |
|
|a Ayesha Abed Library
|c General Stacks
|
| 942 |
0 |
0 |
|0 9
|2 ddc
|c BK
|
| 999 |
|
|
|c 5665
|d 5665
|
| 952 |
|
|
|0 0
|1 4
|2 ddc
|4 0
|6 330_015100000000000_CHI
|7 0
|9 5585
|a BRACUL
|b BRACUL
|c GEN
|d 2009-11-21
|g 0.00
|l 0
|o 330.0151 CHI
|p 3010014296
|r 2009-11-21
|t 4
|w 2009-11-21
|y BK
|x No price found in the accession register.
|
| 952 |
|
|
|0 0
|1 0
|2 ddc
|4 1
|6 330_015100000000000_CHI
|7 0
|9 5628
|a BRACUL
|b BRACUL
|c SPS
|d 2009-11-21
|g 140.00
|l 29
|m 255
|o 330.0151 CHI
|p 3010015321
|r 2018-12-12
|s 2018-10-02
|t 7
|w 2009-11-21
|y BK
|
| 952 |
|
|
|0 0
|1 4
|2 ddc
|4 0
|6 330_015100000000000_CHI
|7 0
|9 7566
|a BRACUL
|b BRACUL
|c GEN
|d 2010-01-28
|l 0
|o 330.0151 CHI
|p 3010015322
|r 2010-01-28
|t 8
|w 2010-01-28
|y BK
|x Koha Inventory 2020
|
| 952 |
|
|
|0 0
|1 0
|2 ddc
|4 0
|6 330_015100000000000_CHI
|7 0
|9 7567
|a BRACUL
|b BRACUL
|c GEN
|d 2010-01-28
|l 30
|m 245
|o 330.0151 CHI
|p 3010014298
|r 2023-01-21
|s 2022-10-17
|t 6
|w 2010-01-28
|y BK
|
| 952 |
|
|
|0 0
|1 0
|2 ddc
|4 0
|6 330_015100000000000_CHI
|7 0
|9 7661
|a BRACUL
|b BRACUL
|c GEN
|d 2010-02-01
|l 22
|m 214
|o 330.0151 CHI
|p 3010014295
|r 2022-05-14
|s 2019-12-10
|t 3
|w 2010-02-01
|y BK
|
| 952 |
|
|
|0 0
|1 0
|2 ddc
|4 0
|6 330_015100000000000_CHI
|7 0
|9 12053
|a BRACUL
|b BRACUL
|c GEN
|d 2010-09-23
|e Friends' Book Corner
|g 646.00
|l 35
|m 309
|o 330.0151 CHI
|p 3010021063
|q 2025-10-08
|r 2025-02-18
|s 2025-02-18
|t 13
|v 1292.00
|w 2010-09-23
|y BK
|x Requisitioned by A K Iftekharul Haque (Lecturer, Department of Economics and Social Sciences (ESS), BRAC University) for the course no. - ECO 201
|
| 952 |
|
|
|0 0
|1 0
|2 ddc
|4 0
|6 330_015100000000000_CHI
|7 0
|9 12054
|a BRACUL
|b BRACUL
|c GEN
|d 2010-09-23
|e Essence Science Publications
|g 646.00
|l 34
|m 356
|o 330.0151 CHI
|p 3010021062
|r 2025-03-23
|s 2025-03-06
|t 12
|v 1292.00
|w 2010-09-23
|y BK
|x Requisitioned by A K Iftekharul Haque (Lecturer, Department of Economics and Social Sciences (ESS), BRAC University) for the course no. - ECO 201
|
| 952 |
|
|
|0 0
|1 0
|2 ddc
|4 0
|6 330_015100000000000_CHI
|7 0
|9 12055
|a BRACUL
|b BRACUL
|c GEN
|d 2010-09-23
|e Friends' Book Corner
|g 646.00
|l 41
|m 311
|o 330.0151 CHI
|p 3010021061
|r 2025-10-21
|s 2025-10-19
|t 11
|v 1292.00
|w 2010-09-23
|y BK
|x Requisitioned by A K Iftekharul Haque (Lecturer, Department of Economics and Social Sciences (ESS), BRAC University) for the course no. - ECO 201
|
| 952 |
|
|
|0 0
|1 0
|2 ddc
|4 0
|6 330_015100000000000_CHI
|7 0
|9 12056
|a BRACUL
|b BRACUL
|c GEN
|d 2010-09-23
|e Friends' Book Corner
|g 646.00
|l 46
|m 285
|o 330.0151 CHI
|p 3010021060
|r 2025-10-21
|s 2025-10-08
|t 10
|v 1292.00
|w 2010-09-23
|y BK
|x Requisitioned by A K Iftekharul Haque (Lecturer, Department of Economics and Social Sciences (ESS), BRAC University) for the course no. - ECO 201
|
| 952 |
|
|
|0 0
|1 0
|2 ddc
|4 1
|6 330_015100000000000_CHI
|7 0
|9 12057
|a BRACUL
|b BRACUL
|d 2010-09-23
|e Friends' Book Corner
|g 646.00
|l 42
|m 335
|o 330.0151 CHI
|p 3010021059
|r 2026-02-01
|s 2025-10-07
|t 9
|v 1292.00
|w 2010-09-23
|y BK
|x Requisitioned by A K Iftekharul Haque (Lecturer, Department of Economics and Social Sciences (ESS), BRAC University) for the course no. - ECO 201
|
| 952 |
|
|
|0 0
|1 0
|2 ddc
|4 1
|6 330_015100000000000_CHI
|7 0
|9 14782
|a BRACUL
|b BRACUL
|c CIR
|d 2011-03-19
|l 18
|m 119
|o 330.0151 CHI
|p 3010014297
|r 2018-04-09
|s 2018-04-09
|t 5
|w 2011-03-19
|y 1HOUR
|
| 952 |
|
|
|0 0
|1 0
|2 ddc
|4 0
|6 330_015100000000000_CHI
|7 0
|9 22118
|a BRACUL
|b BRACUL
|c GEN
|d 2013-03-27
|l 27
|m 229
|o 330.0151 CHI
|p 3010014028
|r 2025-12-17
|s 2025-12-10
|t 2
|w 2013-03-27
|y BK
|
| 952 |
|
|
|0 0
|1 0
|2 ddc
|4 0
|6 330_015100000000000_CHI
|7 0
|9 57773
|a BRACUL
|b BRACUL
|c GEN
|d 2016-01-28
|l 17
|m 193
|o 330.0151 CHI
|p 3010008657
|r 2025-09-21
|s 2025-06-25
|t 1
|w 2016-01-28
|y BK
|x This book is replacement copy of previous Fundamental methods of mathematical economics / by Chiang, Alpha C., 3rd ed.
|
| 952 |
|
|
|0 0
|1 0
|2 ddc
|4 0
|6 330_015100000000000_CHI
|7 0
|9 61938
|a BRACUL
|b BRACUL
|c GEN
|d 2017-11-22
|e STS International
|g 1120.00
|l 13
|m 169
|o 330.0151 CHI
|p 3010032364
|q 2026-04-27
|r 2025-06-25
|s 2025-06-25
|t 18
|v 1120.00
|w 2017-11-22
|y BK
|
| 952 |
|
|
|0 0
|1 0
|2 ddc
|4 0
|6 330_015100000000000_CHI
|7 0
|9 61939
|a BRACUL
|b BRACUL
|c GEN
|d 2017-11-22
|e STS International
|g 1120.00
|l 10
|m 94
|o 330.0151 CHI
|p 3010032361
|r 2025-03-24
|s 2025-02-09
|t 15
|v 1120.00
|w 2017-11-22
|y BK
|
| 952 |
|
|
|0 0
|1 0
|2 ddc
|4 0
|6 330_015100000000000_CHI
|7 0
|9 61940
|a BRACUL
|b BRACUL
|c GEN
|d 2017-11-22
|e STS International
|g 1120.00
|l 11
|m 85
|o 330.0151 CHI
|p 3010032360
|r 2026-01-13
|s 2026-01-06
|t 14
|v 1120.00
|w 2017-11-22
|y BK
|
| 952 |
|
|
|0 0
|1 0
|2 ddc
|4 0
|6 330_015100000000000_CHI
|7 0
|9 61941
|a BRACUL
|b BRACUL
|c GEN
|d 2017-11-22
|e STS International
|g 1120.00
|l 11
|m 142
|o 330.0151 CHI
|p 3010032362
|r 2024-06-03
|s 2024-02-25
|t 16
|v 1120.00
|w 2017-11-22
|y BK
|
| 952 |
|
|
|0 0
|1 4
|2 ddc
|4 0
|6 330_015100000000000_CHI
|7 0
|9 61942
|a BRACUL
|b BRACUL
|c GEN
|d 2017-11-22
|e STS International
|g 1120.00
|l 0
|o 330.0151 CHI
|p 3010032363
|r 2017-11-22
|t 17
|v 1120.00
|w 2017-11-22
|y BK
|x Koha Inventory 2020
|
| 952 |
|
|
|0 0
|1 0
|2 ddc
|4 0
|6 330_015100000000000_CHI
|7 0
|9 61943
|a BRACUL
|b BRACUL
|c GEN
|d 2017-11-22
|e STS International
|g 1120.00
|l 11
|m 69
|o 330.0151 CHI
|p 3010032365
|r 2025-10-21
|s 2025-10-15
|t 19
|v 1120.00
|w 2017-11-22
|y BK
|
| 952 |
|
|
|0 0
|1 0
|2 ddc
|4 0
|6 330_015100000000000_CHI
|7 0
|9 61944
|a BRACUL
|b BRACUL
|c GEN
|d 2017-11-22
|e STS International
|g 1120.00
|l 14
|m 135
|o 330.0151 CHI
|p 3010032366
|r 2025-09-08
|s 2025-08-17
|t 20
|v 1120.00
|w 2017-11-22
|y BK
|
| 952 |
|
|
|0 0
|1 0
|2 ddc
|4 0
|6 330_015100000000000_CHI
|7 0
|9 63705
|a BRACUL
|b BRACUL
|c GEN
|d 2018-07-11
|e Karim International
|g 1090.00
|l 9
|m 111
|o 330.0151 CHI
|p 3010033435
|r 2025-10-12
|s 2025-10-07
|t 21
|v 1090.00
|w 2018-07-11
|y BK
|
| 952 |
|
|
|0 0
|1 0
|2 ddc
|4 0
|6 330_015100000000000_CHI
|7 0
|9 63706
|a BRACUL
|b BRACUL
|c GEN
|d 2018-07-11
|e Karim International
|g 1090.00
|l 8
|m 78
|o 330.0151 CHI
|p 3010033436
|r 2025-10-13
|s 2025-07-08
|t 22
|v 1090.00
|w 2018-07-11
|y BK
|
| 952 |
|
|
|0 0
|1 0
|2 ddc
|4 0
|6 330_015100000000000_CHI
|7 0
|9 63707
|a BRACUL
|b BRACUL
|c GEN
|d 2018-07-11
|e Karim International
|g 1090.00
|l 9
|m 75
|o 330.0151 CHI
|p 3010033437
|q 2025-09-17
|r 2025-09-10
|s 2025-09-10
|t 23
|v 1090.00
|w 2018-07-11
|y BK
|
| 952 |
|
|
|0 0
|1 0
|2 ddc
|4 0
|6 330_015100000000000_CHI
|7 0
|9 63708
|a BRACUL
|b BRACUL
|c GEN
|d 2018-07-11
|e Karim International
|g 1090.00
|l 12
|m 156
|o 330.0151 CHI
|p 3010033438
|r 2026-03-28
|s 2025-11-22
|t 24
|v 1090.00
|w 2018-07-11
|y BK
|
| 952 |
|
|
|0 0
|1 0
|2 ddc
|4 0
|6 330_015100000000000_CHI
|7 0
|9 63709
|a BRACUL
|b BRACUL
|c GEN
|d 2018-07-11
|e Karim International
|g 1090.00
|l 9
|m 93
|o 330.0151 CHI
|p 3010033439
|r 2024-01-29
|s 2024-01-24
|t 25
|v 1090.00
|w 2018-07-11
|y BK
|